Normal view
MARC view
- HUMAN RELIABILITY RELIABILITY OF COMPUTING SYSTEMS STRUCTURAL RELIABILITY AVAILABILITY AND MAINTAINABILITY OF SYSTEMS SYSTEM RELIABILITY RELIABILITY (ENGINEERING) MATHEMATICAL MODELS CONGRESSES
Entry Topical Term
001 - CONTROL NUMBER
- control field: 80699
003 - CONTROL NUMBER IDENTIFIER
- control field: NUST
005 - DATE AND TIME OF LATEST TRANSACTION
- control field: 20210628210724.0
008 - FIXED-LENGTH DATA ELEMENTS
- fixed length control field: 210628|| aca||aabn | a|a d
040 ## - CATALOGING SOURCE
- Original cataloging agency: NUST
- Transcribing agency: NUST
150 ## - HEADING--TOPICAL TERM
- Topical term or geographic name entry element: HUMAN RELIABILITY RELIABILITY OF COMPUTING SYSTEMS STRUCTURAL RELIABILITY AVAILABILITY AND MAINTAINABILITY OF SYSTEMS SYSTEM RELIABILITY RELIABILITY (ENGINEERING) MATHEMATICAL MODELS CONGRESSES
670 ## - SOURCE DATA FOUND
- Source citation: Work cat.: (NUST): COLOMBO, A. G ,KELLER, A. Z 80698, RELIABILITY MODELLING AND APPLICATIONS ,PROCEEDINGS OF THE ISPRA COURSE HELD AT THE JOINT RESEARCH ISPRA ITALY NOVEMBER 25-29, 1985, 1987
